| 000 | 00489nam a2200169 i 4500 | ||
|---|---|---|---|
| 001 | 135318 | ||
| 003 | ES-MaACL | ||
| 005 | 20230906194845.0 | ||
| 007 | t| | ||
| 008 | 070716s1962 sp a |||| |dspa d | ||
| 080 | _a929:791.862 | ||
| 245 | 0 | 0 |
_aLa torería actual _b: matadores de toros en activo : (España, Portugal, Francia). |
| 260 |
_a[Madrid : _bCapela], _c1962. |
||
| 300 |
_a215 p. : _bil. ; _c21 cm. |
||
| 650 | 1 | 4 |
_aToreros- _zBiografías. _917560 |
| 852 |
_aES-MaACL _jC-22213 |
||
| 999 |
_c135318 _d135318 |
||